00265nam a2200109Ia 4500008004100000100001500041245003600056250000800092260003900100300000800139650000800147191201s2010 xx 000 0 und d aKULKARNI,M 0aMicrowave and Radar Engineering a4th c2010bUmesh PublicationsaN. Delhi a677 aECE